Identification of QTLs involved in the resistance of South American leaf blight(Microcyclus ulei) in the rubber tree (Record no. 60648)

MARC details
000 -LEADER
fixed length control field 02019nam a2200229Ia 4500
100 ## - MAIN ENTRY--AUTHOR NAME
Personal name Lespinasse D
245 #0 - TITLE STATEMENT
Title Identification of QTLs involved in the resistance of South American leaf blight(Microcyclus ulei) in the rubber tree
260 ## - PUBLICATION, DISTRIBUTION, ETC. (IMPRINT)
Name of publisher Theoretical and Applied Genetics
Year of publication 2000
300 ## - PHYSICAL DESCRIPTION
Number of Pages 975-984
520 ## - SUMMARY, ETC.
Summary, etc South American leaf blight (SALB) is a disease of the rubber tree caused by the fungus Microcyclus ulei. Quantitative trait loci (QTLs) for resistance were mapped using 195 F1 progeny individuals derived from the cross between a susceptible cultivated clone, PB260, and a resistant clone, RO38, derived from interspecific hybridization. The resistance level of the progeny individuals was evaluated in controlled conditions. The reaction type (RT) and the lesion diameter (LD) were measured on immature leaves after artificial inoculation of the fungus. Five different strains of the fungus were used, all highly sporulating on PB260. Among those, four did not sporulate and one sporulated partially on RO38. Both pseudo-testcross parental genetic maps and the consensus map were constructed. The search for QTLs was performed using the Kruskal-Wallis marker-by-marker test and the Interval-Mapping method for the three maps. Eight QTLs for resistance were identified on the RO38 map. Only one QTL was detected on the PB260 map. The analysis of the F1 consensus map confirmed results obtained with the parental maps. A common QTL was detected for resistance to the five strains for both RT and LD. Two QTLs were common for complete resistance to four strains, for RT and LD respectively. Resistance, and perspectives for breeding for durable resistance to SALB are discussed.
650 ## - SUBJECT ADDED ENTRY--TOPICAL TERM
Topical Term Hevea
650 ## - SUBJECT ADDED ENTRY--TOPICAL TERM
Topical Term Microcyclus ulei
650 ## - SUBJECT ADDED ENTRY--TOPICAL TERM
Topical Term QTL mapping
650 ## - SUBJECT ADDED ENTRY--TOPICAL TERM
Topical Term South American leaf blight
700 ## - ADDED ENTRY--PERSONAL NAME
Personal name Grivet L
700 ## - ADDED ENTRY--PERSONAL NAME
Personal name PinardF
700 ## - ADDED ENTRY--PERSONAL NAME
Personal name Rodier-Goud M
700 ## - ADDED ENTRY--PERSONAL NAME
Personal name Seguin M
700 ## - ADDED ENTRY--PERSONAL NAME
Personal name Troispoux V
942 ## - ADDED ENTRY ELEMENTS (KOHA)
Koha item type Journals
Holdings
Withdrawn status Lost status Damaged status Not for loan Home library Current library Shelving location Date acquired Serial Enumeration / chronology Koha item type
      Journals RRII Library RRII Library Plant pathology 17/12/2021 Volume 100, Issue 6 Journals